Propuesta de una mejora en la etapa de lavado de un dispositivo médico en cumplimiento con las normas de calidad, seguridad e higiene en Boston Scientific Costa Rica
Na minha lista:
| Autor principal: | |
|---|---|
| Outros Autores: | |
| Formato: | Livro |
| Idioma: | Spanish |
| Publicado em: |
San José, Costa Rica
2020
|
| Assuntos: | |
| Tags: |
Adicionar Tag
Sem tags, seja o primeiro a adicionar uma tag!
|
MARC
| LEADER | 00000nam a2200000Ia 4500 | ||
|---|---|---|---|
| 003 | 013534 | ||
| 005 | 20230412101544.0 | ||
| 008 | 140116s2020 cr a 000 ||spa d | ||
| 040 | |c cru CEDI | ||
| 100 | |a Jiménez Corrales, Kattya Lucía, 1994- |9 348 | ||
| 245 | |a Propuesta de una mejora en la etapa de lavado de un dispositivo médico en cumplimiento con las normas de calidad, seguridad e higiene en Boston Scientific Costa Rica | ||
| 260 | |a San José, Costa Rica |c 2020 | ||
| 500 | |a Práctica dirigida (licenciatura en ingeniería química)--Universidad de Costa Rica. Facultad de Ingeniería. Escuela de Ingeniería Química | ||
| 501 | |a Directora de Práctica de Graduación: Ing. Natalia Hernández Montero, PhD. | ||
| 610 | |x BOSTON SCIENTIFIC COSTA RICA | ||
| 650 | |x MEDICINA - APARATOS E INSTRUMENTOS - FABRICACION - COSTA RICA |x CROMATOGRAFIA DE GASES |x CABLES GUIAS |x MEDICINA - APARATOS E INSTRUMENTOS - NORMAS |x DISOLVENTES | ||
| 700 | |9 12 |a Hernández Montero, Natalia, 1981- |d Directora del TFG | ||
| 942 | |c CEDI |h TFG 8685 |6 TFG_8685_000000000000000 | ||
| 999 | |c 22036 |d 22036 | ||
